| 000 | 00973nam a22003017a 4500 | ||
|---|---|---|---|
| 001 | 7844 | ||
| 003 | FISKH | ||
| 005 | 20250812082243.0 | ||
| 008 | 250812b cb ||||| |||| 00| 0 eng d | ||
| 020 | _a9780794508883 | ||
| 040 |
_aFISKH _beng _cFISKH _dFISKH |
||
| 050 | _aPZ7 | ||
| 082 | _a609 | ||
| 100 | _aDaynes, Katie | ||
| 245 |
_aThe story of toilets, telephones & other useful inventions / _cKatie Daynes ; Illustrated by Adam Larkum |
||
| 250 | _aThis edition first published in 2007 | ||
| 260 |
_aLondon : _bUsborne, _c2004 |
||
| 300 |
_a48 pages : _bcolor illustrations ; _c20 cm |
||
| 505 | _aR | ||
| 520 | _aDescribes the history behind such inventions as toilets, telephones, frozen food, soccer nets, and safety razors. | ||
| 521 | 8 |
_a680
_bLexile |
|
| 521 | 8 |
_aR
_bRaz-Plus |
|
| 650 |
_2Fast facts _aAdam Larkum |
||
| 650 |
_2Usborne _aHuman body - waste |
||
| 700 |
_aLarkum, Adam _dillustrator |
||
| 942 |
_2ddc _cBK _n0 |
||
| 999 |
_c7844 _d7844 |
||